000 02989nam a2200325 a 4500
001
003 OSt
005 20201103140935.0
008 110602s1897 dr 000 0 spa d
040 _aDO-SdBNP
_bspa
_cDO-SdBNP
049 _a
082 _222
_a972.9304
_bE96r 1897
111 _aExposición Internacional de Bruselas
_d(1897 :
_977108
_cBruselas)
245 1 3 _a La República Dominicana en la exposición internacional de Bruselas :
_bmemoria descriptiva y catálogo de la sección dominicana promulgado por la Junta Central Organizadora del concurso de la exposición de Bruselas /
_c
246 1 3 _aLa República Dominicana en la exposición internacional de Bruselas en 1897
260 _aSanto Domingo :
_c1897
_bCuna de América J.R. Roques
300 _a231, ix p. ;
_c23 cm.
500 _aLa República asistirá al concurso de las artes, ciencia, industria y del trabajo
505 _aParte primera : El país -- Geografía física : situación -- Limites terrestres -- Figura -- Extensión -- Costas, fondeaderos y puertos -- Isla adyacentes -- Montaña -- Ríos -- Lagos -- Metodología y climatología : lluvias y vientos -- Temporales -- Terremotos -- Temperatura -- Salubridad -- Geología : orígenes prehistóricos -- Formación terciaria -- Formación cuaternaria -- Mineralogía : cuarzos y arena auríferas -- Plata, cobre y hierro -- Otros minerales no metálicos -- Materiales de construcción -- Fauna y flora : animales terrestres -- Animales acuáticos -- Aves -- Animales domésticos -- Los habitantes : antropología y etnografía : los aborígenes -- Los africanos -- Lingüística y población : idiomas -- El censo -- Historia : el descubrimiento y la conquista -- La colonia -- La sesión a Francia -- La incorporación a Colombia -- La dominación haitiana -- La independencia -- La anexión -- La restauración -- Organización política : derecho constituido -- Administración civil -- Administración religiosa -- Instrucción pública -- Relaciones exteriores -- Representación internacional -- Estados Unidos -- Francia -- Grecia -- Haití -- Italia -- Méjico -- Paises bajos -- Portugal -- Perú -- Santa Sede -- Suecia y Noruega -- Uruguay -- Venezuela -- Servicios postal -- Hacienda nacional -- La exposición -- Catálogo parcial : clasificación general.
590 _aInventariado, 2020/VM
610 1 4 _aRepública Dominicana. Junta Central Organizadora
_977109
650 4 _aPromoción de exportaciónes
_zRepública Dominicana
_vCongresos, conferencias, etc.
_977110
651 4 _aRepública Dominicana
_xComercio exterior.
_vCongresos, conferencias, etc.
_977111
651 4 _aBélgica
_xComercio exterior.
_vCongresos, conferencias, etc.
_977112
651 4 _aRepública Dominicana
_xTratados comerciales.
_vCongresos, conferencias, etc.
_v
_v
_y
_977113
651 4 _aRepública Dominicana
_xHistoria
_9170
910 _aVMateo/Validado. Control de calidad MFF
942 _2ddc
_cLBS1
956 _aVMateo
999 _c49026
_d49026